Pronostic sericole du 27 Mars 1881 pour la Syrie / (Record no. 166680)

MARC details
000 -LEADER
campo de control de longitud fija 00798nam a22001815i 4500
001 - NÚMERO DE CONTROL
campo de control 166680
003 - IDENTIFICADOR DE NÚMERO DE CONTROL
campo de control ES-MaACL
005 - FECHA Y HORA DE LA ÚLTIMA TRANSACCIÓN
campo de control 20230906213359.0
008 - DATOS DE LONGITUD FIJA--INFORMACIÓN GENERAL
campo de control de longitud fija 990413s1881 sy |||| | fre d
040 ## - FUENTE DE CATALOGACIÓN
Centro catalogador/agencia de origen CCPB | B
Lengua de catalogación spa
Centro/agencia transcriptor CCPB | B
100 1# - ENTRADA PRINCIPAL--NOMBRE DE PERSONA
Nombre de persona Trouyet, Charles.
9 (RLIN) 133395
245 10 - MENCIÓN DEL TÍTULO
Título Pronostic sericole du 27 Mars 1881 pour la Syrie /
Mención de responsabilidad, etc. par Charles Trouyet.
260 ## - PUBLICACIÓN, DISTRIBUCIÓN, ETC.
Lugar de publicación, distribución, etc. Beyrouth :
Nombre del editor, distribuidor, etc. [s.n.],
Fecha de publicación, distribución, etc. 1881.
300 ## - DESCRIPCIÓN FÍSICA
Extensión 60 p. ;
Dimensiones 23 cm.
500 ## - NOTA GENERAL
Nota general Adresse en deux pieces, le 1er et le 23 Avril 1881, a Mr. le Chevalier Colucci, Consul general d'Italie.
500 ## - NOTA GENERAL
Nota general Communique en leur temps a M. le Chevalier de Schultz, Consul general d'Autriche-Hongrie, et a M. le comte de Casa-Sarria, Consul general d'Espagne.
852 ## - LOCALIZACIÓN
Ubicación ES-MaACL
Número de control de estantería T-426-F-9
Nota libre -- Enc. hol.
-- -- Enc. en un vol. facticio
Holdings
Estatus retirado Estado de pérdida Estado de daño No para préstamo Colección Biblioteca de origen Biblioteca actual Ubicación en estantería Fecha de adquisición Total de préstamos Signatura topográfica completa Código de barras Visto por última vez Precio de reemplazo Tipo de ítem Koha
        Colección de folletos Biblioteca del Ateneo de Madrid Biblioteca del Ateneo de Madrid Depósito folletos 17/01/2008   T-426-F-9 1174813 23/02/2023 23/02/2023 Folleto